| 000 | 00503nam a2200133 a 4500 | ||
|---|---|---|---|
| 008 | 120416s1969 ||||||||||||||||| || u | ||
| 050 | _aDT 475 Ori | ||
| 100 | _aWilson, Henry S | ||
| 245 | 1 | 0 |
_aOrigins of West African nationalism _cedited by Henry S. Wilson |
| 260 |
_aLondon _bMacmillan _c1969 |
||
| 300 | _a391p. | ||
| 350 | _a0.00 | ||
| 995 |
_D0.00 _FCBU-MAIN LIBRARY (Kitwe) _H1 _I2.00 _M1 _UAVAILABLE _WSep 6, 2006 _ZMain Library Open Access Collection |
||
| 999 |
_c52946 _d52946 |
||